Mobile Telephony Devices: (Record no. 323676)

MARC details
000 -LEADER
fixed length control field 00468nam a2200157Ia 4500
008 - FIXED-LENGTH DATA ELEMENTS--GENERAL INFORMATION
fixed length control field 230718s9999 xx 000 0 und d
041 ## - LANGUAGE CODE
Language code of text/sound track or separate title eng
082 ## - DEWEY DECIMAL CLASSIFICATION NUMBER
Classification number 621.3845'6
Item number KES
100 ## - MAIN ENTRY--PERSONAL NAME
Personal name Keskar D.
9 (RLIN) 171457
245 ## - TITLE STATEMENT
Title Mobile Telephony Devices:
Remainder of title The Technological Revolution
260 ## - PUBLICATION, DISTRIBUTION, ETC. (IMPRINT)
Date of publication, distribution, etc. 2009
Name of publisher, distributor, etc. ICFAI Books
300 ## - PHYSICAL DESCRIPTION
Extent 233
365 ## - TRADE PRICE
Currency code Rs.
Price amount 425.00
700 ## - ADDED ENTRY--PERSONAL NAME
Personal name Keskar D. & Poddar R.Ed.
9 (RLIN) 191022
906 ## - LOCAL DATA ELEMENT F, LDF (RLIN)
d O:0048022-Jan-2010B:109100073004-Nov-2009
c ETC
b 85
Holdings
Withdrawn status Lost status Damaged status Not for loan Home library Current library Date acquired Vendor Budget Code Cost, normal purchase price Bill number Total Checkouts Full call number Barcode Date last seen Discount Cost, replacement price Bill Date Koha item type Original Barcode
        Cummins College of Engineering for Women Pune Cummins College of Engineering for Women Pune 23/01/2010 Varma Book Distributors ETC 340.00 1091000730   621.3845'6 CCEP-BK-34883 18/07/2023 85 425.00 04/11/2009 Books 034883